Statistics for Monsters - Ruelle - All Lyrics

Click here to take the quiz!

General Stats

  • This quiz has been taken 8 times
  • The average score is 156 of 259

Answer Stats

Answer% Correct
a
100%
you
100%
and
86%
be
86%
'cause
86%
got
86%
I'm
86%
in
86%
it's
86%
Monsters
86%
monsters,
86%
The
86%
the
86%
to
86%
Your
86%
your
86%
Ah-ah,
71%
Ah-ah
71%
bed
71%
eyes
71%
head
71%
like
71%
look
71%
my
71%
no
71%
of
71%
oh-oh
71%
oh-oh.
71%
Oh-oh,
71%
Oh-oh
71%
oh-oh,
71%
stuck
71%
woah
71%
you're
71%
are
57%
are)
57%
are,
57%
heart,
57%
hide
57%
if
57%
inside
57%
just
57%
mine
57%
never
57%
one
57%
One
57%
place
57%
under
57%
(We
57%
we
57%
We
57%
We're
57%
we're
57%
when
57%
You've
57%
alive
43%
begun
43%
by
43%
chase
43%
coming
43%
drum
43%
eat
43%
feeling
43%
for
43%
Gonna
43%
has
43%
hunger
43%
running
43%
villain,
43%
blood
29%
demise
29%
had
29%
hunt
29%
killing,
29%
kings
29%
meet
29%
misstep,
29%
out
29%
shoot
29%
stun
29%
wanna
29%
We'll
29%
wishing
29%
you'll
29%
better
14%
clever
14%
cross
14%
'em
14%
line
14%
listened
14%
Once
14%
stay
14%
survive
14%
take
14%

Score Distribution

Percentile by Number Answered

Percent of People with Each Score

Your Score History

You have not taken this quiz